| 000 | 01473cam a2200337 a 4500 | ||
|---|---|---|---|
| 001 | 15072798 | ||
| 005 | 20080725172945.0 | ||
| 008 | 071106s2008 inua 001 0 eng | ||
| 010 | _a 2007046046 | ||
| 020 | _a0672330113 | ||
| 020 | _a9780672330117 | ||
| 035 | _a(OCoLC)ocn180989631 | ||
| 035 | _a(OCoLC)180989631 | ||
| 040 |
_aDLC _cDLC _dBAKER _dYDXCP _dC#P _dDLC |
||
| 050 | 0 | 0 |
_aTK5105.8885.A26 _bW3516 2008 |
| 082 | 0 | 0 |
_a005.276 _222 _bWAL |
| 100 | 1 |
_aWalther, Stephen. _94514 |
|
| 245 | 1 | 0 |
_aASP.NET 3.5 Unleashed / _cStephen Walther. |
| 260 |
_aIndianapolis, Ind. : _bSams, _c2008. |
||
| 300 |
_axxiii, 1890 p. : _bill. ; _c24 cm. + _e1 CD-ROM (4 3/4 in.) |
||
| 500 | _a"All code in the book is now in c#"---title | ||
| 500 | _aIncludes index. | ||
| 630 | 0 | 0 |
_aActive server pages. _94515 |
| 650 | 0 |
_aWeb sites _xDesign. _94516 |
|
| 650 | 0 |
_aWeb site development. _94517 |
|
| 650 | 0 |
_aMicrosoft .NET. _94518 |
|
| 942 |
_2ddc _cBB |
||
| 999 |
_c11474 _d11474 |
||